000 02129nam0a2200385 4500
001 RU\NLR\bibl\211668
005 20260406071205.0
021 _aRU
_b2001-34869
_91660
035 _a(NLR Aleph) 000207875
090 _a1206103
_c1206103
100 _a20011129d2001 |||y0rusy50 ca
101 0 _arus
102 _aRU
105 _aa |||||||||
200 1 _aЭМС: стандартизация и функциональная безопасность
_fКечиев Л. Н., Степанов П. В.
_g[М-во образования Рос. Федерации, Моск. гос. ин-т электроники и математики (техн. ун-т), Каф. "Радиоэлектрон. и телекоммуникац. устройства и системы"]
210 _aМ.
_cМГИЭМ
_d2001
215 _a82 с.
_cил.
_d21
225 1 _aЭлектромагнитная совместимость
313 _aэлектромагнитная совместимость электроных средств
320 _aБиблиогр.: с. 82
606 0 _aРадиоэлектронная аппаратура
_xЭлектромагнитная совместимость
_xБезопасность
_92234572
_3RU\NLR\auth\661341095
606 0 _aРадиоэлектронная аппаратура
_xЭлектромагнитная совместимость
_xСтандартизация
_92234570
_3RU\NLR\auth\661341094
610 0 _aЭлектронные приборы - Совместимость электромагнитная
675 _a621.396.6:621.391.827
_v3
_zrus
686 _a49.43
_2rugasnti
686 _a32.811.7
_2rubbk
686 _aЗ841-017ц
700 1 _4070
_8rus
_7ca
_aКечиев
_bЛ. Н.
_f1940-
_gЛеонид Николаевич
_3RU\NLR\auth\7727640
_910671
701 1 _4070
_8rus
_7ca
_aСтепанов
_bП. В.
_cд-р техн. наук
_gПавел Владимирович
_3RU\NLR\auth\7727639
_910670
801 0 _aRU
_bRKP
_c20011129
_gPSBO
801 1 _aRU
_bRKP
_c20011129
801 2 _aRU
_bNLR
_c20090907
_grcr
942 _cBOOK
980 _aNB